00919 2200301 4500001002100000005001500021035002000036020002200056082001600078084001800094245006400112300002800176264007400204336002100278337003000299338002300329040002200352090002200374090002200396850001200418250003100430008004100461999002200502100003500524650001600559990002200575990002000597INLIS00000000088984020250729015129 a0010-0824000403 a978-602-50303-9-004223a499.222 a499.222 SUW p10aPrabawa :bpandom wicara bahasa Jawa /cSuwarna Dwijonagoro ax, 101 halaman ;c19 cm31aSleman :bDinas Kebudayaan (Kundha Kabudayan) Kabupaten Sleman,c2022 2rdacontentateks 2rdamediaatanpa perantara 2rdacarrieravolume aYOPDYOGbinderda aCB-D.11 2022-5041 aCOE 499.222 SUW p aYOPDYOG aCetakan Pertama, Juli 2022240812s2022 yoia g | jav d aCB-D.11/2022-50410 aSuwarna DwijonagoroePengarang 4aBahasa Jawa aCB-D.11/2022-5041 a73558-PD/A.2025